El prejuicio racial en Puerto Rico

Kaydedildi:
Detaylı Bibliyografya
Yazar: Blanco, Tomás (Yazar)
Materyal Türü: Kitap
Dil:İspanyolca
Baskı/Yayın Bilgisi: San Juan Bilioteca de Autores Puertorriqueños 1948
Edisyon:2a. ed
Konular:
Etiketler: Etiketle
Etiket eklenmemiş, İlk siz ekleyin!

MARC

LEADER 00000nam a2200000 a 4500
001 UCO1177
003 CL-VaPUC
008 000512e19480000PR |||||||||||||||||spa|d
082 0 4 |a 972.95  |b BLA  |2 21 
100 0 |a Blanco, Tomás  |e author  |9 443054 
245 1 3 |a El prejuicio racial en Puerto Rico 
250 |a 2a. ed 
300 |a 82 p 
942 |c BK 
945 |d 20000512 00:00:00  |a crobeson 
260 |a San Juan  |b Bilioteca de Autores Puertorriqueños  |c 1948 
650 0 |a Historia  |9 255047 
650 7 |a PROBLEMAS RACIALES  |2 CL-VaPUC  |9 317921 
650 0 |a Discriminación racial  |9 257054 
651 7 |a PUERTO RICO  |2 CL-VaPUC  |9 254988 
583 |a last modification  |c 20000512 00:00:00  |k Rodrigo Vera 
999 |c 287806  |d 287804 
952 |0 0  |1 0  |4 0  |6 972_950000000000000_BLA_1948  |7 0  |8 X  |9 334862  |a BIBHIS  |b BIBHIS  |d 2019-11-20  |i 1274600  |o 972.95 BLA 1948  |p 1274600  |r 2023-01-25  |w 2019-11-20  |y BK_X  |k HIS